Countries, US States, Capitals, Elements, 100 Most Common Words: Starting with C - Statistics

General Stats
  • This quiz has been taken 23,446 times
    16,359 since last reset
  • The average score is 32 of 48
Answer Stats
ANSWER % Correct
Can
98%
Central African Republic
96%
Colombia
91%
Columbia
91%
China
90%
Canada
89%
Chile
87%
California
86%
Cambodia
82%
Chad
82%
Colorado
82%
Czech Republic
81%
Cuba
80%
Cameroon
79%
Croatia
79%
Costa Rica
78%
Comoros
77%
Connecticut
77%
Cyprus
76%
Carbon
75%
Cape Verde
72%
Could
70%
Cairo
69%
Canberra
69%
Caracas
66%
Calcium
65%
Columbus
63%
Copenhagen
63%
Copper
63%
Cadmium
59%
Chișinău
57%
Chlorine
57%
Californium
56%
Cobalt
56%
Come
56%
Cape Town
55%
Cesium
55%
Chromium
54%
Charleston
53%
Castries
52%
Conakry
52%
Curium
50%
Cheyenne
47%
Carson City
45%
Cerium
45%
Concord
44%
Copernicium
43%
Cotonou
34%
No matching quizzes found
Score Distribution
Percent of People with Each Score
Percentile by Number Answered
Your Score History
You have not taken this quiz since the last reset